Movies Quiz

Random Movies or Actor Quiz

5-Star Actors Quiz Stats

 Plays Quiz Updated Jan 13, 2014

Support Sporcle.
Go Orange.
Score 0/60 Timer 08:00
3 Plays Today
% Correct
Apollo 13
94.4%
Big
92.3%
The Godfather
81.9%
Raiders of the Lost Ark
79.2%
Hannibal
78.6%
Training Day
78%
Snakes on a Plane
78%
A Streetcar Named Desire
77.8%
The Last Samurai
77.8%
Cocktail
77.6%
Gran Torino
77.3%
Men in Black
76.9%
Days of Thunder
76.7%
Road to Perdition
76.7%
Splash
76.5%
Air Force One
76.2%
Malcolm X
76.2%
The Hunt for Red October
71.5%
American Gangster
71.2%
Dr. No
70.7%
I Am Sam
70%
On the Waterfront
69.3%
Mystic River
68.3%
Batman Begins
67.3%
Unforgiven
67%
Blade Runner
64.8%
No Country for Old Men
64.2%
Bachelor Party
63.9%
Coach Carter
62.7%
Clear and Present Danger
61.9%
% Correct
The Hurricane
61.1%
Jackie Brown
60.6%
Django Unchained
59.8%
Dead Man Walking
59.5%
Magnolia
59.1%
The Cider House Rules
58.8%
Far and Away
57.6%
Last Tango in Paris
56.5%
Witness
54.2%
High Plains Drifter
52%
In the Line of Fire
50.3%
Highlander
50.1%
The Remains of the Day
48.9%
Educating Rita
48.2%
Finding Forrester
46.8%
Howards End
46.7%
Nixon
45.3%
21 Grams
44.9%
Double Jeopardy
42.7%
Play Misty for Me
42.2%
Lincoln
40.2%
The Negotiator
39.4%
The Wild One
39.2%
The Name of the Rose
36.2%
Unstoppable
34.8%
In the Valley of Elah
33%
Get Carter
32.5%
The Interpreter
31%
The Eagle Has Landed
28.8%
Shadowlands
28.3%

You're not logged in!

Compare scores with friends on all Sporcle quizzes.
OR
Log In

From the Vault

Who Sang It? III

by alinrotundu

We didn't sing it. Did you?
Remove Ads.
Support Sporcle.
Get the best of Sporcle when you Go Orange. This ad-free experience offers more features, more stats, and more fun while also helping to support Sporcle. Thank you for becoming a member.

Show Comments

Extras

Top Quizzes Today


Score Distribution

Your Account Isn't Verified!

In order to create a playlist on Sporcle, you need to verify the email address you used during registration. Go to your Sporcle Settings to finish the process.

Report this User

Report this user for behavior that violates our Community Guidelines.

Details: